<?xml version="1.0" encoding="UTF-8"?>
<record
    xmlns:xsi="http://www.w3.org/2001/XMLSchema-instance"
    xsi:schemaLocation="http://www.loc.gov/MARC21/slim http://www.loc.gov/standards/marcxml/schema/MARC21slim.xsd"
    xmlns="http://www.loc.gov/MARC21/slim">

  <leader>04018cam a2200217   4500500</leader>
  <controlfield tag="005">20260419000215.0</controlfield>
  <datafield tag="041" ind1=" " ind2=" ">
    <subfield code="a">fre</subfield>
  </datafield>
  <datafield tag="042" ind1=" " ind2=" ">
    <subfield code="a">dc</subfield>
  </datafield>
  <datafield tag="100" ind1="1" ind2="0">
    <subfield code="a">Vitte, Lisa</subfield>
    <subfield code="e">author</subfield>
  </datafield>
  <datafield tag="700" ind1="1" ind2="0">
    <subfield code="a">Young, H&#xE9;lo&#xEF;se</subfield>
    <subfield code="e">author</subfield>
  </datafield>
  <datafield tag="700" ind1="1" ind2="0">
    <subfield code="a">Pourcher, C&#xE9;cile</subfield>
    <subfield code="e">author</subfield>
  </datafield>
  <datafield tag="700" ind1="1" ind2="0">
    <subfield code="a">Durand, Andr&#xE9;a</subfield>
    <subfield code="e">author</subfield>
  </datafield>
  <datafield tag="700" ind1="1" ind2="0">
    <subfield code="a">Gerardin, Priscille</subfield>
    <subfield code="e">author</subfield>
  </datafield>
  <datafield tag="700" ind1="1" ind2="0">
    <subfield code="a">Apter, Gis&#xE8;le</subfield>
    <subfield code="e">author</subfield>
  </datafield>
  <datafield tag="245" ind1="0" ind2="0">
    <subfield code="a">Investigaci&#xF3;n sobre los menores a cargo del servicio de ayuda social a la infancia: &#xBF;C&#xF3;mo superar la carrera de obst&#xE1;culos?</subfield>
  </datafield>
  <datafield tag="260" ind1=" " ind2=" ">
    <subfield code="c">2024.
							</subfield>
  </datafield>
  <datafield tag="500" ind1=" " ind2=" ">
    <subfield code="a">19</subfield>
  </datafield>
  <datafield tag="520" ind1=" " ind2=" ">
    <subfield code="a">La Federaci&#xF3;n de Hospitales Universitarios &#x2013; Protection Ensemble Avan&#xE7;ons (FHU-PEA), que agrupa a los hospitales, universidades y laboratorios asociados del G4 (Amiens, Caen, Lille y Rouen-Le Havre-&#xC9;vreux), se encarga de evaluar longitudinalmente y seguir durante dos a&#xF1;os a trescientos ni&#xF1;os acogidos por la Agencia de Protecci&#xF3;n de la Infancia en Normand&#xED;a. El objetivo del estudio EvolASE-PEA (disponible en https://classic.clinicaltrials.gov/ct2/show/NCT05525962) es conocer la salud f&#xED;sica y ps&#xED;quica infantil, independientemente de la edad a la que los menores son acogidos a tiempo completo en los servicios de protecci&#xF3;n (guarder&#xED;a, hogar, familia de acogida). En Francia hay muy pocos conocimientos de salud mental sobre el estado de los menores a lo largo de su vida protegida, o incluso cuando entran en centros de acogida, a pesar de que a menudo hay comprobaci&#xF3;n de graves negligencias o abusos f&#xED;sicos, psicol&#xF3;gicos y sexuales. El objetivo del estudio es conocer la salud f&#xED;sica y ps&#xED;quica de los ni&#xF1;os, independientemente de la edad a la que se conf&#xED;en a los servicios de protecci&#xF3;n a tiempo completo (guarder&#xED;a, hogar, familia de acogida). En Francia hay muy pocos conocimientos de salud mental sobre el estado de los menores a lo largo de su vida protegida, o incluso cuando entran en centros de acogida, a pesar de que a menudo hay comprobaci&#xF3;n de graves negligencias o abusos f&#xED;sicos, psicol&#xF3;gicos y sexuales. A falta de datos m&#xE9;dicos (f&#xED;sicos, ps&#xED;quicos), educativos y sociales recogidos sistem&#xE1;ticamente, solo la investigaci&#xF3;n prospectiva y longitudinal puede colmar esta carencia. No hay muchos estudios sobre la protecci&#xF3;n de la infancia, no solo porque el inter&#xE9;s por estas poblaciones es relativamente reciente, sino tambi&#xE9;n porque hay muchos obst&#xE1;culos espec&#xED;ficos de estas situaciones que se interponen en el camino de los investigadores. La investigaci&#xF3;n en poblaciones vulnerables (menores) debe cumplir, por definici&#xF3;n, requisitos &#xE9;ticos m&#xE1;s estrictos y requiere el acuerdo de los responsables de la investigaci&#xF3;n, en la creencia de que, al aceptar o rechazar, har&#xE1;n lo que m&#xE1;s convenga al ni&#xF1;o. Sin embargo, son precisamente los titulares de la patria potestad quienes no pod&#xED;an satisfacer las necesidades b&#xE1;sicas del menor, pues de lo contrario no se le habr&#xED;a confiado a un servicio de custodia. Adem&#xE1;s, la informaci&#xF3;n necesaria para evaluar su estado f&#xED;sico y ps&#xED;quico y los cuidados que pueda necesitar dependen tambi&#xE9;n de esas mismas personas, que pueden negarse a facilitar informaci&#xF3;n sobre sus propios problemas cuando estos son necesarios para comprender las necesidades del menor (consumo de sustancias durante el embarazo, antecedentes familiares, por ejemplo). Estas dificultades, verdadera carrera de obst&#xE1;culos para tener la oportunidad de realizar una evaluaci&#xF3;n completa, son tambi&#xE9;n indicativas de la legislaci&#xF3;n francesa y de la ausencia de pr&#xE1;cticas operacionales realmente centradas en las necesidades y los derechos de la infancia (en el sentido de la Convenci&#xF3;n Internacional sobre los Derechos del Ni&#xF1;o ratificada por Francia). En este art&#xED;culo se desarrollar&#xE1;n estos obst&#xE1;culos, sus v&#xED;nculos con las pr&#xE1;cticas actuales y algunas formas de superarlos.</subfield>
  </datafield>
  <datafield tag="786" ind1="0" ind2=" ">
    <subfield code="n">Enfance | 3 | 3 | 2024-10-17 | p. 241-254 | 0013-7545</subfield>
  </datafield>
  <datafield tag="856" ind1="4" ind2="1">
    <subfield code="u">https://shs.cairn.info/revista-enfance-2024-3-page-241?lang=es&amp;redirect-ssocas=7080</subfield>
  </datafield>
  <datafield tag="999" ind1=" " ind2=" ">
    <subfield code="c">2212284</subfield>
    <subfield code="d">2212284</subfield>
  </datafield>
</record>
